Digital integrated circuits and applications (Record no. 136579)

000 -LEADER
fixed length control field 00278nam a2200109Ia 4500
008 - FIXED-LENGTH DATA ELEMENTS--GENERAL INFORMATION
fixed length control field 220120s9999||||xx |||||||||||||| ||und||
020 ## - INTERNATIONAL STANDARD BOOK NUMBER
International Standard Book Number 7111827
100 ## - MAIN ENTRY--PERSONAL NAME
Personal name Godse, A.P
9 (RLIN) 1195
245 #0 - TITLE STATEMENT
Title Digital integrated circuits and applications
260 ## - PUBLICATION, DISTRIBUTION, ETC.
Name of publisher, distributor, etc. Hongkong
300 ## - PHYSICAL DESCRIPTION
Extent 180p.
Other physical details 0
Holdings
Withdrawn status Lost status Damaged status Not for loan Collection code Home library Current library Date acquired Barcode Date last seen Price effective from Koha item type
        Electronics and Communication Engineering Central Library Central Library 01/20/2022 GF438 01/20/2022 01/20/2022 Gift Books

Powered by Koha